Questions sur la scripturalité égyptienne : des registres graphiques aux espaces d’écriture/

Saved in:

Other Authors: Albert, Florence, 1982-, Ragazzoli, Chloé.

Format: Book

Language: French

Published: Le Caire : Institut français d'archéologie orientale, 2025.

Series: Bibliotheque d'Etude ; 192.
BDE ; 192.

Subjects:

Tags: Add Tag

No Tags, Be the first to tag this record!

Call Number: DT57 .C18 v.192

LEADER 00960nam a22002537a 4500
003 OSt
005 20260525105452.0
008 260428s2025 ua aeh b 101 0 fre c
020 |a 9782724710892 
040 |c ARCE Library 
050 4 |a DT57 .C18 v.192 
245 1 0 |a Questions sur la scripturalité égyptienne :   |b des registres graphiques aux espaces d’écriture/   |c Florence Albert, Chloé Ragazzoli (éd.).  |n   
264 1 |a Le Caire :   |b Institut français d'archéologie orientale,  |c 2025. 
300 |a 509 pages :  |b illustrations, plans, facsims. ;   |c 29 cm. 
490 0 |a Bibliotheque d'Etude ;   |v 192. 
490 0 |a BDE ;   |v 192. 
504 |a Includes bibliographical references (pages 419-473) and indexes. 
650 0 |a Egyptian language   |v Papyri, Hieroglyphic. 
650 4 |a Egyptian language   |x Writing, Hieroglyphic. 
700 0 |a Albert, Florence,   |d 1982-  
700 0 |a Ragazzoli, Chloé. 
901 |a reviewed 
942 |2 lcc  |c BK 
999 |c 61898  |d 61898